000 00607nam a22002177a 4500
003 UA-OsUOA
001 74695
007 ta
008 20110414b un ||||| |||| 00| 0 ukr d
100 _aЛеоненко О.
090 _a82
_bЛ47
942 _cSA
040 _aUA-OsUOA
_bukr
_cUA-OsUOA
_dUA-OsUOA
245 _aПроблеми цілісності існування людини у прозі Григорія Штоня
300 _aС.53-59
955 _a0
041 _aukr
080 _a82
773 0 _w74689
650 7 _a82 Література. Літературознавство
_2UDC
999 _c360988
_d360988